[Event "Fuerstenfeld U18 op 6th"]
[Site "Fuerstenfeld"]
[Date "2023.07.20"]
[Round "1"]
[White "Kovacec, Tilen"]
[Black "Seidl, Jakob"]
[Result "1-0"]
[WhiteElo "1684"]
[BlackElo "1074"]
[PlyCount "99"]
[EventDate "2023.07.20"]
[EventType "swiss"]
[EventRounds "7"]
[EventCountry "AUT"]
[SourceTitle "CBM 215 Extra"]
[Source "ChessBase"]
[SourceDate "2023.09.30"]
[SourceVersion "1"]
[SourceVersionDate "2023.09.30"]
[SourceQuality "1"]

1. d4 Nf6 2. c4 e6 3. Nc3 Bb4 4. Qb3 c5 5. dxc5 Bxc5 6. Nf3 0-0 7. Bf4 b6 8. e3 Bb7 9. Be2 d5 10. cxd5 exd5 11. 0-0 Qe7 12. Bg5 Rd8 13. Rad1 Qe6 14. Nb5 Na6 15. Nbd4 Bxd4 16. Nxd4 Qe5 17. Bf4 Qe8 18. Bb5 Qe7 19. Bxa6 Bxa6 20. Nc6 Qd7 21. Nxd8 Bxf1 22. Kxf1 Rxd8 23. Bg5 Qc6 24. Bxf6 gxf6 25. Qc3 Qxc3 26. bxc3 Kf8 27. c4 Ke7 28. Rxd5 Rc8 29. Rd4 h5 30. Ke2 Rc5 31. g3 Ra5 32. Rd2 Ra3 33. Rc2 Kd6 34. h4 a6 35. Kf3 Ra5 36. Kf4 Re5 37. f3 Ke7 38. e4 Rc5 39. Rb2 b5 40. cxb5 axb5 41. Rd2 Ke6 42. g4 hxg4 43. Kxg4 f5+ 44. exf5+ Rxf5 45. Rd6+ Ke5 46. Rd5+ Kxd5 47. Kxf5 Kd6 48. Kf6 Kd7 49. Kxf7 Kd6 50. h5 1-0

[Event "SLO-ch 33rd"]
[Site "Radenci"]
[Date "2023.04.27"]
[Round "4"]
[White "Kovacec, Tilen"]
[Black "Prevolsek, Miha"]
[Result "1-0"]
[WhiteElo "1700"]
[BlackElo "1846"]
[PlyCount "147"]
[EventDate "2023.04.25"]
[EventType "team-match"]
[EventRounds "9"]
[EventCountry "SLO"]
[SourceTitle "CBM 214 Extra"]
[Source "ChessBase"]
[SourceDate "2023.07.31"]
[SourceVersion "1"]
[SourceVersionDate "2023.07.31"]
[SourceQuality "1"]

1. d4 d5 2. c4 c6 3. Nc3 Nf6 4. Bg5 e6 5. e3 Nbd7 6. cxd5 exd5 7. Bd3 Bd6 8. Nf3 Qc7 9. 0-0 Ng4 10. h3 Nh2 11. Nxh2 Bxh2+ 12. Kh1 h6 13. Bh4 Bd6 14. e4 Nb6 15. exd5 cxd5 16. Re1+ Be6 17. Bb5+ Kf8 18. Qf3 Kg8 19. Rac1 g5 20. Bg3 Bxg3 21. fxg3 Qd6 22. Bd3 a6 23. Rf1 Nd7 24. Rce1 Kg7 25. g4 Rhf8 26. Ne2 Qb6 27. Ng3 Qxd4 28. Nf5+ Bxf5 29. Qxf5 Nf6 30. Re5 Ne4 31. Rxe4 Qxd3 32. Qf6+ Kg8 33. Re7 Qg6 34. Qd4 Qd6 35. Rxb7 Rab8 36. Rxb8 Rxb8 37. Rf6 Qf8 38. Rxa6 Rb4 39. Qxd5 Rxb2 40. Ra8 Rb8 41. Rxb8 Qxb8 42. Qb3 Qe5 43. a4 Kg7 44. Qb5 Qe3 45. Qb8 h5 46. gxh5 f5 47. Qd6 g4 48. Qg6+ Kh8 49. Qf6+ Kh7 50. Qxf5+ Kh8 51. Qxg4 Qe8 52. h6 Qg6 53. h7 Qb1+ 54. Kh2 Kxh7 55. Qf4 Qa2 56. h4 Qd5 57. Qg3 Qa5 58. h5 Qxa4 59. Qg6+ Kh8 60. Qh6+ Kg8 61. Qg5+ Kh8 62. h6 Qd7 63. Qg7+ Qxg7 64. hxg7+ Kxg7 65. Kg3 Kh6 66. Kg4 Kg6 67. g3 Kf6 68. Kh5 Kg7 69. Kg5 Kh7 70. Kf6 Kg8 71. Kg6 Kh8 72. g4 Kg8 73. g5 Kh8 74. Kf7 1-0

[Event "EU-ch Schools U11"]
[Site "Tornelo INT"]
[Date "2021.12.05"]
[Round "7"]
[White "Kovacec, Tilen"]
[Black "Abbasli, Saleh"]
[Result "0-1"]
[WhiteElo "1423"]
[BlackElo "1206"]
[PlyCount "64"]
[EventDate "2021.12.03"]
[EventType "swiss (rapid)"]
[EventRounds "7"]
[EventCountry "NET"]
[SourceTitle "EXT 2023"]
[Source "ChessBase"]
[SourceDate "2022.10.05"]
[SourceVersion "1"]
[SourceVersionDate "2022.10.05"]
[SourceQuality "1"]

1. d4 Nf6 2. c4 g6 3. Nc3 Bg7 4. e4 d6 5. Bd3 0-0 6. Nf3 Bg4 7. Be3 Nc6 8. a3 Nd7 9. Be2 e5 10. d5 Bxf3 11. Bxf3 Nd4 12. Bxd4 exd4 13. Ne2 Ne5 14. Nxd4 Nxc4 15. b3 Ne5 16. Rc1 Re8 17. 0-0 Nxf3+ 18. Nxf3 Rxe4 19. Qc2 Re7 20. Rfe1 Rxe1+ 21. Rxe1 Qd7 22. h3 c6 23. dxc6 bxc6 24. Qd2 Rb8 25. b4 d5 26. Qd3 Re8 27. Rc1 Re6 28. Nd4 Bxd4 29. Qxd4 Re4 30. Qc5 Re6 31. Rd1 Qd6 32. Qxa7 Re2 0-1

[Event "EU-ch Schools U11"]
[Site "Tornelo INT"]
[Date "2021.12.05"]
[Round "6"]
[White "Skodras, Marios Konstantinos"]
[Black "Kovacec, Tilen"]
[Result "1-0"]
[WhiteElo "1576"]
[BlackElo "1423"]
[PlyCount "89"]
[EventDate "2021.12.03"]
[EventType "swiss (rapid)"]
[EventRounds "7"]
[EventCountry "NET"]
[SourceTitle "EXT 2023"]
[Source "ChessBase"]
[SourceDate "2022.10.05"]
[SourceVersion "1"]
[SourceVersionDate "2022.10.05"]
[SourceQuality "1"]

1. b3 c5 2. Bb2 d5 3. e3 Nc6 4. f4 Nf6 5. Nf3 g6 6. Bb5 Bd7 7. 0-0 Bg7 8. d3 0-0 9. Qe2 a6 10. Bxc6 Bxc6 11. Nbd2 e6 12. Rab1 Qb6 13. a4 Rfe8 14. Rfe1 Rac8 15. Ne5 Nd7 16. Ndf3 Nxe5 17. Nxe5 Rcd8 18. Qf2 d4 19. exd4 cxd4 20. Ba3 Qc7 21. Bc5 Rd5 22. Bxd4 Bf8 23. Ng4 e5 24. fxe5 Rxd4 25. Qxd4 Be7 26. Nf6+ Kf8 27. Nxe8 Kxe8 28. e6 Bd5 29. Qxd5 fxe6 30. Qxe6 Qc5+ 31. Kh1 Kd8 32. Qxe7+ Qxe7 33. Rxe7 Kxe7 34. Re1+ Kd7 35. d4 Kd6 36. c4 Kd7 37. d5 Kd6 38. Re6+ Kc5 39. Re8 Kb6 40. Kg1 Kc5 41. Kf2 Kd6 42. Ke3 Kd7 43. Rh8 h5 44. Kd4 Kd6 45. Rh7 1-0

[Event "EU-ch Schools U11"]
[Site "Tornelo INT"]
[Date "2021.12.04"]
[Round "3"]
[White "Gogiashvili, Demetre"]
[Black "Kovacec, Tilen"]
[Result "0-1"]
[WhiteElo "1087"]
[BlackElo "1423"]
[PlyCount "74"]
[EventDate "2021.12.03"]
[EventType "swiss (rapid)"]
[EventRounds "7"]
[EventCountry "NET"]
[SourceTitle "EXT 2023"]
[Source "ChessBase"]
[SourceDate "2022.10.05"]
[SourceVersion "1"]
[SourceVersionDate "2022.10.05"]
[SourceQuality "1"]

1. e4 c5 2. Nf3 Nc6 3. Bb5 g6 4. Bxc6 bxc6 5. 0-0 d6 6. e5 Bg7 7. Re1 d5 8. d3 e6 9. c4 Ne7 10. Nc3 Bd7 11. b3 0-0 12. Ba3 Qa5 13. Na4 Rfd8 14. Bxc5 Nc8 15. Qc1 Nb6 16. Nxb6 axb6 17. Be7 Rdc8 18. Bf6 b5 19. Qg5 h6 20. Qh4 bxc4 21. Bxg7 Kxg7 22. Qf6+ Kg8 23. dxc4 Qd8 24. Qxd8+ Rxd8 25. c5 Ra5 26. b4 Ra4 27. a3 Rda8 28. Nd4 Rxa3 29. Rxa3 Rxa3 30. Rb1 Kf8 31. f4 Ke7 32. b5 cxb5 33. c6 Bc8 34. Nxb5 Ra6 35. c7 Rb6 36. Kf2 Kd7 37. Ke3 Ba6 0-1

[Event "EU-ch Schools U11"]
[Site "Tornelo INT"]
[Date "2021.12.04"]
[Round "5"]
[White "Kovacec, Tilen"]
[Black "Zheng, Harry Z"]
[Result "0-1"]
[WhiteElo "1423"]
[BlackElo "1599"]
[PlyCount "80"]
[EventDate "2021.12.03"]
[EventType "swiss (rapid)"]
[EventRounds "7"]
[EventCountry "NET"]
[SourceTitle "EXT 2023"]
[Source "ChessBase"]
[SourceDate "2022.10.05"]
[SourceVersion "1"]
[SourceVersionDate "2022.10.05"]
[SourceQuality "1"]

1. d4 Nf6 2. c4 e6 3. Nc3 Bb4 4. Qb3 Bxc3+ 5. Qxc3 b6 6. Nf3 Bb7 7. g3 0-0 8. Bg2 Ne4 9. Qd3 f5 10. 0-0 d6 11. Re1 Nd7 12. Nd2 Ndf6 13. Nxe4 Nxe4 14. d5 Nc5 15. Qd1 e5 16. Be3 f4 17. Bxc5 bxc5 18. Rb1 fxg3 19. hxg3 Qf6 20. Rf1 Bc8 21. a3 Bf5 22. e4 Bg6 23. Qe2 Qg5 24. b4 Bh5 25. Qd3 cxb4 26. axb4 a5 27. c5 axb4 28. Rxb4 Ra2 29. cxd6 cxd6 30. Rb6 Qf6 31. Qb3 Rxf2 32. Qb1 Be2 33. Rxf2 Qxf2+ 34. Kh1 Bf3 35. Bxf3 Qxf3+ 36. Kh2 Qf2+ 37. Kh3 Rf3 38. Rb8+ Kf7 39. Qb7+ Kg6 40. Rg8 Qxg3# 0-1

[Event "EU-ch Hybrid U12"]
[Site "Tornelo INT"]
[Date "2021.10.15"]
[Round "2"]
[White "Gal, Andrej"]
[Black "Kovacec, Tilen"]
[Result "0-1"]
[WhiteElo "1904"]
[BlackElo "1295"]
[PlyCount "52"]
[EventDate "2021.10.15"]
[EventType "swiss"]
[EventRounds "9"]
[EventCountry "NET"]
[SourceTitle "EXT 2023"]
[Source "ChessBase"]
[SourceDate "2022.10.05"]
[SourceVersion "1"]
[SourceVersionDate "2022.10.05"]
[SourceQuality "1"]
[WhiteTeam "Croatia"]
[BlackTeam "Slovenia"]
[WhiteTeamCountry "CRO"]
[BlackTeamCountry "SLO"]

1. d4 Nf6 2. c4 g6 3. Nc3 d5 4. cxd5 Nxd5 5. e4 Nxc3 6. bxc3 Bg7 7. Nf3 c5 8. Rb1 0-0 9. Be2 Bg4 10. Rxb7 Nc6 11. d5 Bxc3+ 12. Bd2 Bxd2+ 13. Qxd2 Bxf3 14. Bxf3 Nd4 15. 0-0 e6 16. Qc3 Qf6 17. Rc1 exd5 18. exd5 Rfd8 19. Kf1 Qa6+ 20. Qc4 Qxb7 21. Be4 Re8 22. Bd3 Rad8 23. d6 Rxd6 24. Rb1 Rb6 25. Rc1 Qc7 26. Qxd4 Qxh2 0-1

[Event "Balkan-ch U10"]
[Site "Tornelo INT"]
[Date "2020.10.31"]
[Round "4"]
[White "Alimema, Alvin"]
[Black "Kovacec, Tilen"]
[Result "1/2-1/2"]
[WhiteElo "1098"]
[BlackElo "1217"]
[PlyCount "117"]
[EventDate "2020.10.31"]
[EventType "swiss"]
[EventRounds "7"]
[EventCountry "NET"]
[SourceTitle "EXT 2023"]
[Source "ChessBase"]
[SourceDate "2022.10.05"]
[SourceVersion "1"]
[SourceVersionDate "2022.10.05"]
[SourceQuality "1"]

1. e4 c5 2. f4 Nc6 3. Nf3 g6 4. Bb5 Bg7 5. Bxc6 bxc6 6. Nc3 Ba6 7. d3 d6 8. 0-0 Nf6 9. Qe1 0-0 10. Qh4 Rb8 11. f5 Qb6 12. Ng5 h5 13. Qf2 Ng4 14. Qe2 c4+ 15. Kh1 cxd3 16. cxd3 Ne5 17. Rd1 Qb7 18. Nf3 Nxf3 19. Qxf3 Qb4 20. a3 Qb7 21. d4 Qb3 22. Rb1 c5 23. Nd5 Qxf3 24. gxf3 e6 25. Ne7+ Kh7 26. dxc5 dxc5 27. Kg2 Rb7 28. Nc6 exf5 29. exf5 gxf5 30. Rd5 Rb6 31. Ne5 Re6 32. Nd7 Rd8 33. Bg5 Rg8 34. Nxc5 Rg6 35. Nxa6 Rxa6 36. Bf4 Bh6+ 37. Bg3 f4 38. Rxh5 fxg3 39. hxg3 Rag6 40. g4 Kg7 41. b4 Bg5 42. Rd1 a6 43. Kg3 Rh8 44. Rxh8 Kxh8 45. f4 Bh6 46. g5 Bf8 47. Kg4 Rc6 48. f5 Kg7 49. f6+ Kg6 50. Rd8 Rc4+ 51. Kh3 Kxg5 52. Rxf8 Kxf6 53. Rh8 Rc3+ 54. Kg4 Rxa3 55. Rh6+ Ke7 56. Kf5 Ra4 57. Ke5 f6+ 58. Rxf6 Rxb4 59. Rxa6 1/2-1/2